Core Clinical Cases in Basic Biomedical Science: (Record no. 4795)
[ view plain ]
| 000 -LEADER | |
|---|---|
| fixed length control field | 00606nam a22001937a 4500 |
| 003 - CONTROL NUMBER IDENTIFIER | |
| control field | OSt |
| 005 - DATE AND TIME OF LATEST TRANSACTION | |
| control field | 20231219055844.0 |
| 008 - FIXED-LENGTH DATA ELEMENTS--GENERAL INFORMATION | |
| fixed length control field | 160719b xxu||||| |||| 00| 0 eng d |
| 020 ## - INTERNATIONAL STANDARD BOOK NUMBER | |
| International Standard Book Number | 0340816716 |
| 040 ## - CATALOGING SOURCE | |
| Transcribing agency | 040a |
| 082 ## - DEWEY DECIMAL CLASSIFICATION NUMBER | |
| Classification number | WA 950 A21c 2006 |
| 100 ## - MAIN ENTRY--PERSONAL NAME | |
| Personal name | Azer, Samy A.; Gupta K. Janesh |
| 9 (RLIN) | 10312 |
| 245 ## - TITLE STATEMENT | |
| Title | Core Clinical Cases in Basic Biomedical Science: |
| Remainder of title | a problem-based learning approach |
| 260 ## - PUBLICATION, DISTRIBUTION, ETC. (IMPRINT) | |
| Place of publication, distribution, etc. | London; |
| Name of publisher, distributor, etc. | Hodder Arnold, |
| Date of publication, distribution, etc. | 2006 |
| 300 ## - PHYSICAL DESCRIPTION | |
| Extent | xvi, 414p; |
| Other physical details | ill : |
| Dimensions | 16 cm. |
| 504 ## - BIBLIOGRAPHY, ETC. NOTE | |
| Bibliography, etc | Includes bibliographical references and index |
| 650 ## - SUBJECT ADDED ENTRY--TOPICAL TERM | |
| Topical term or geographic name as entry element | Biomedical science |
| 9 (RLIN) | 10313 |
| 942 ## - ADDED ENTRY ELEMENTS (KOHA) | |
| Source of classification or shelving scheme | Other/Generic Classification Scheme |
| Koha item type | Open Shelf |
| Withdrawn status | Lost status | Source of classification or shelving scheme | Damaged status | Not for loan | Home library | Current library | Date acquired | Source of acquisition | Inventory number | Total Checkouts | Full call number | Barcode | Date last seen | Koha item type |
|---|---|---|---|---|---|---|---|---|---|---|---|---|---|---|
| Other/Generic Classification Scheme | MUST Main Library | MUST Main Library | 19/07/2016 | Purchase | 09/31789 | WA 950 A21c 2006 | 2016-3301 | 19/07/2016 | Open Shelf |
